000 00818nam a2200169Ia 4500
008 090124s9999 xx 000 0 und d
082 _b128513
245 _a स्वगत ( जयप्रकाश नारायण यांची तुरुंगातील दैनंदिनी )
250 _a4
260 _c1977
300 _a135
630 _a स्वगत ( जयप्रकाश नारायण यांची तुरुंगातील दैनंदिनी )
700 _aदेशपांडे पु.ल.(पुरुषोत्तम लक्ष्मण )
700 _aशहा अ.भि.
730 _a स्वगत ( जयप्रकाश नारायण यांची तुरुंगातील दैनंदिनी )
942 _cBOOK
999 _c174602
_d174602